Educación : (Registro nro. 14568)

Detalles MARC
000 -LIDER
fixed length control field 01159nam a22003017a 4500
001 - NÚMERO DE CONTROL
Identificador de número de control 000708
003 - IDENTIFICACDOR DE NÚMERO DE CONTROL
control field DO-SdBNP
005 - DATE AND TIME OF LATEST TRANSACTION
control field 20240215115949.0
007 - CAMPOS FIJOS DE DESCRIPCIÓN FÍSICA
fixed length control field 000708
008 - ELEMENTOS DE LONGITUD FIJA
fixed length control field 161116b 2021 dr a | |||| 00| 0 spa d
040 ## - FUENTE DE CATALOGACIÓN
Agencia que crea de manera original el registro BPMSU
Idioma de catalogación spa
Agencia que realiza la transcripción BPMSU
082 #4 - NÚMERO DE CLASIFICACIÓN DECIMAL DE DEWEY
Classification number 372.4
Item number E24p 2021
Edition number 22
245 00 - MENCIÓN DE TITULO
Título Educación :
Subtítulo proyecto leer
Mención de responsabilidad
260 ## - PUBLICACIÓN, DISTRIBUCIÓN, ETC. (PIE DE IMPRENTA)
Lugar de publicación, distribución, etc Santo Domingo, República Dominicana :
Nombre del editor, distribuidor, etc. UNIBE,
Fecha de publicación, distribución, etc 2021
Nombre del editor, distribuidor, etc.
300 ## - DESCRIPCIÓN FÍSICA
Extensión 6 p. :
Otros detalles físicos il. ;
Dimensiones 21 cm.
500 ## - NOTA GENERAL
Nota general Programas educativos
Materiales especificados
505 0# - NOTA DE CONTENIDO
Título Educación --
-- Descripción del proyecto y población meta --
-- Estrategia de implementación, seguimiento y evaluación.
--
--
590 ## - NOTA LOCAL
Texto de la nota local Inventariado, 2024/VM
650 #4 - ENCABEZAMIENTO DE MATERIA--TEMÁTICO
Término temático o nombre geográfico como elemento de entrada Proyecto educativo y pedagógico alternativo
Subdivisión geográfica República Dominicana
650 #4 - ENCABEZAMIENTO DE MATERIA--TEMÁTICO
Término temático o nombre geográfico como elemento de entrada Educación preescolar
650 #4 - ENCABEZAMIENTO DE MATERIA--TEMÁTICO
Término temático o nombre geográfico como elemento de entrada Educación en la primera infancia
650 #4 - ENCABEZAMIENTO DE MATERIA--TEMÁTICO
Término temático o nombre geográfico como elemento de entrada Promoción de la lectura
710 2# - ASIENTO SECUNDARIO -- NOMBRE CORPORATIVO
Nombre corporativo o de jurisdicción Gobierno de la República Dominicana
710 2# - ASIENTO SECUNDARIO -- NOMBRE CORPORATIVO
Nombre corporativo o de jurisdicción Universidad Iberoamericana (UNIBE) (República Dominicana)
710 2# - ASIENTO SECUNDARIO -- NOMBRE CORPORATIVO
Nombre corporativo o de jurisdicción Agencia de los Estados Unidos para el Desarrollo Internacional (USAID)
910 ## - VALIDACIÓN
Validación VMateo V. Control de calidad BPMSU
942 ## - ADDED ENTRY ELEMENTS (KOHA)
Source of classification or shelving scheme Dewey Decimal Classification
Koha item type Libros
Existencias
Withdrawn status Lost status Source of classification or shelving scheme Damaged status Not for loan Collection code Home library Current library Date acquired Total Checkouts Full call number Barcode Date last seen Price effective from Koha item type Copy number
    Dewey Decimal Classification     Colección Juvenil Dominicana Biblioteca Pública Metropolitana Salomé Ureña Biblioteca Pública Metropolitana Salomé Ureña 02/15/2024   BPMSU CDI 372.4 E24p 2021 BPMSU24020030 02/15/2024 02/15/2024 Libros  
    Dewey Decimal Classification     Colección Dominicana Biblioteca Pública Metropolitana Salomé Ureña Biblioteca Pública Metropolitana Salomé Ureña 02/15/2024   BPMSU CDI 372.4 E24p 2021 BPMSU24020031 02/15/2024 02/15/2024 Libros e.2
    Dewey Decimal Classification     Colección Dominicana Biblioteca Pública Metropolitana Salomé Ureña Biblioteca Pública Metropolitana Salomé Ureña 02/15/2024   BPMSU CDI 372.4 E24p 2021 BPMSU24020032 02/15/2024 02/15/2024 Libros e.3